000 00697nam a22001697a 4500
999 _c15283
_d15283
003 OSt
082 _2631.75807 ANU/EF
088 _aT 69
100 _aANU VARUGHESE
_92132
245 _aEffect of soil solarization using LDPE - mulch on moisture conservation and soil temperature variation
260 _aTavanur 1997
_bKelappaji College of Agricultural Engineering and Technology
300 _a103
500 _aEffect of soil solarization using LDPE - mulch on moisture conservation and soil temperature variation
520 _aEffect of soil solarization using LDPE - mulch on moisture conservation and soil temperature variation
700 _aDr. K. John Thomas (Guide)
_92139
942 _cTH